|
|
|
|
| LEADER |
04653nam a22003973i 4500 |
| 001 |
EBC7100917 |
| 003 |
MiAaPQ |
| 005 |
20240729202203.0 |
| 006 |
m o d | |
| 007 |
cr cnu|||||||| |
| 008 |
240729s1975 xx o ||||0 ger d |
| 020 |
|
|
|a 9783428433780
|q (electronic bk.)
|
| 020 |
|
|
|z 9783428033782
|
| 035 |
|
|
|a (MiAaPQ)EBC7100917
|
| 035 |
|
|
|a (Au-PeEL)EBL7100917
|
| 035 |
|
|
|a (OCoLC)1347028922
|
| 040 |
|
|
|a MiAaPQ
|b eng
|e rda
|e pn
|c MiAaPQ
|d MiAaPQ
|
| 100 |
1 |
|
|a Dreißig, Wilhelmine.
|
| 245 |
1 |
0 |
|a Öffentliche Finanzwirtschaft und Verteilung III.
|
| 250 |
|
|
|a 1st ed.
|
| 264 |
|
1 |
|a Berlin :
|b Duncker & Humblot,
|c 1975.
|
| 264 |
|
4 |
|c {copy}1975.
|
| 300 |
|
|
|a 1 online resource (83 pages)
|
| 336 |
|
|
|a text
|b txt
|2 rdacontent
|
| 337 |
|
|
|a computer
|b c
|2 rdamedia
|
| 338 |
|
|
|a online resource
|b cr
|2 rdacarrier
|
| 490 |
1 |
|
|a Schriften des Vereins Für Socialpolitik Series
|
| 505 |
0 |
|
|a Intro -- Vorwort -- Inhaltsverzeichnis -- Helmut Schneider, Zürich: Tarifverhandlungen, wirtschaftliches Wachstum und staatliche Umverteilungspolitik. Die Eignung von Steuern als Instrumente fiskalischer Umverteilungspolitik, wenn die Lohneinkommen in Tarifverhandlungen und die Investitionen von den Unternehmen mit Hilfe der dynamischen Programmierung bestimmt werden -- I. Einleitung -- II. Einkommens- und Vermögensverteilung als Ergebnis eines Verhandlungsspieles -- 1. Die Tarifverhandlungen -- 2. Das Kontrollproblem der Unternehmer -- III. Fiskalische Umverteilungspolitik -- 1. Einmalige Vermögensabgabe -- 2. Laufende Vermögensteuer -- (1.) Zahlung von Sparprämien -- a) Einfluß auf den Kapitalstock -- b) Einfluß auf die Vermögensverteilung -- c) Einfluß auf die Einkommensverteilung -- (2.) Zahlung von Transfers -- 3. Verschärfung der Progression der Einkommensteuer -- 4. Indirekte Steuern -- 5. Schlußbemerkungen -- IV. Anhang -- 1. Laufende Vermögensteuer -- 2. Einkommen- und Umsatzsteuern -- Summary -- Norbert Andel, Gießen: Verteilungswirkungen der Sozialversicherung am Beispiel der gesetzlichen Krankenversicherung der Bundesrepublik Deutschland -- I. Die Wahl der Vergleichssituation -- 1. Die variierten Parameter -- 2. Der Umfang der Einnahmen- und Ausgabenvariationen -- 3. Die sachliche Reichweite der Betrachtung -- 4. Umverteilungsaspekte -- 5. Die zeitliche Reichweite der Betrachtung -- II. Verteilungswirkungen im Rahmen der deutschen gesetzlichen Krankenversicherung -- 1. Die Struktur der GKV -- 2. Umverteilungsaspekte in zeitpunktbezogener Sicht -- a) Die Altersabhängigkeit des Risikos -- 1. Sachleistungen -- 2. Barleistungen -- b) Die Geschlechtsabhängigkeit des Risikos -- c) Die Abhängigkeit des Risikos von den mitversicherten Familienangehörigen -- d) Die Determinanten des individuellen Beitrags.
|
| 505 |
8 |
|
|a e) Die Determinanten des Beitragssatzes einer GKV-Kasse -- f) Die Verknüpfung von Beitrags- und Leistungsseite -- g) Begünstigungen durch Dritte -- h) Die Rentnerkrankenversicherung -- 3. Umverteilungsaspekte in lebenszeitbezogener Sicht -- III. Kritische Analyse der GKV unter verteilungspolitischen Gesichtspunkten -- 1. Abweichungen vom Äquivalenzprinzip -- 2. Die Beschränkung der Versicherungspflicht und Versicherungsberechtigung -- 3. Die Berücksichtigung lediglich des Arbeitseinkommens -- 4. Der proportionale bzw. regressive Beitragssatz -- 5. Die Konzentration schlechter Risiken im Rahmen der Versicherungsberechtigten -- 6. Die Differenzierung der Beiträge für Pflicht- und freiwillig Versicherte -- 7. Die Mehrbelastung im Falle der Berufstätigkeit beider Ehepartner -- 8. Die Rentnerkrankenversicherung -- 9. Die Ungleichbehandlung im Rahmen der „gegliederten" GKV -- IV. Verteilungspolitisch motivierte Reformvorschläge -- 1. Die Bildung größerer Kassen -- 2. Finanzausgleichsmaßnahmen -- 3. Progressive Beitragssätze -- 4. Die Finanzierung aus allgemeinen Haushaltsmitteln -- 5. Die Finanzierung der KVdR aus Mitteln der Rentenversicherung -- Summary.
|
| 588 |
|
|
|a Description based on publisher supplied metadata and other sources.
|
| 590 |
|
|
|a Electronic reproduction. Ann Arbor, Michigan : ProQuest Ebook Central, 2024. Available via World Wide Web. Access may be limited to ProQuest Ebook Central affiliated libraries.
|
| 655 |
|
4 |
|a Electronic books.
|
| 776 |
0 |
8 |
|i Print version:
|a Dreißig, Wilhelmine
|t Öffentliche Finanzwirtschaft und Verteilung III
|d Berlin : Duncker & Humblot,c1975
|z 9783428033782
|
| 797 |
2 |
|
|a ProQuest (Firm)
|
| 830 |
|
0 |
|a Schriften des Vereins Für Socialpolitik Series
|
| 856 |
4 |
0 |
|u https://ebookcentral.proquest.com/lib/matrademy/detail.action?docID=7100917
|z Click to View
|